Szczegóły MARC21

Dorothea Merz /

005 -DATA I CZAS OSTATNIEJ MODYFIKACJI [,]
    • @
    • pole kontrolne
    • 20070315155141.9
020 -Międzynarod. znormalizowany nr książki - ISBN [ , ]
    • a
    • Numer ISBN
    • 3518370111 Find
040 -Instytucja sporządzająca opis [ , ]
    • a
    • Instytucja, która sporządziła opis (NP)
    • SZCZ U
    • c
    • Instytucja, która sporządziła rekord (NP)
    • SZCZ U
041 -Język dokumentu [0, ]
    • a
    • Język tekstu (P)
    • niemiecki
    • h
    • Język tekstu oryginalnego i/lub pośredniego (P)
    • niemiecki
942 -Rodzaj dokumentu [ , ]
    • c
    • Rodzaj dokumentu
    • Książka
100 -Hasło główne - nazwa osobowa [ , ]
    • a
    • Nazwa osobowa (NP)
    • DORST, TANKRED
245 -Strefa tytułu i oznaczenia odpowiedzialności [1, ]
    • a
    • Tytuł
    • Dorothea Merz / Find
    • c
    • Pozostałe elementy strefy tytułu i oznaczenia odpowiedzialności (NP)
    • Tankred Dorst ; mitarb. Ursula Ehler.
260 -Strefa adresu wydawniczego [ , ]
    • a
    • Miejsce wydania (P)
    • Frankfurt am Main :
    • b
    • Nazwa wydawcy (P)
    • Suhrkamp,
    • c
    • Data wydania (P)
    • 1979.
300 -Strefa opisu fizycznego [ , ]
    • a
    • Określenie formy książki i/lub objętość (NP)
    • 249 s. :
    • b
    • Oznaczenie ilustracji (NP)
    • il. :
    • c
    • Format (NP)
    • 18 cm.
490 -Strefa serii i książki wielotomowej - forma nie do wyszukiwania [0, ]
    • a
    • Tytuł (P)
    • (Suhrkamp Taschenbuch ; Find
    • v
    • Numeracja (P)
    • 511)
080 -Uniwersalna Klasyfikacja Dziesiętna [ , ]
    • a
    • Symbol klasyfikacji
    • 830-31=30
980 -Symbol UKD [ , ]
    • a
    • UKD
    • 830-31=30
700 -Hasło dodatkowe - nazwa osobowa [ , ]
    • a
    • Nazwa osobowa (NP)
    • Ehler Ursula Find
920 -ISBN [ , ]
    • a
    • ISBN
    • 3-518-37011-1 Find
Numer inwentarzowy Status udost. Lokalizacja Data inwentaryzacji Sygnatura
G.8990-3BM1997-01-01Germ. Literatura niemiecka